| 000 | 01087nam a22002297a 4500 | ||
|---|---|---|---|
| 999 |
_c3995 _d3995 |
||
| 003 | AR-CdUCM | ||
| 008 | 190307b ||||| |||| 00| 0 spa d | ||
| 040 |
_aMUNICIPALIDAD PROVINCIAL DEL CUSCO _cBIBLIOTECA MUNICIPAL DEL CUSCO |
||
| 082 |
_a299.85 / _bG26 |
||
| 100 |
_aGarr, Thomas M. _912761 |
||
| 245 | _aCristianismo y religión quechua en la Prelatura de Ayaviri / | ||
| 260 |
_aCusco : _bInstituto de Pastoral Andina, _c1972. |
||
| 300 |
_a257 páginas ; _c20.4 cm. |
||
| 505 | _aContenido: Bases teóricas -- Orurillo -- Coaza -- Las fiestas religiosas -- El concepto de Dios y de los santos -- Los sacramentos -- El matrimonio y el servinakuy -- El concepto del panteón tradicional -- Los ritos tradicionales -- Los especialistas religiosos ... | ||
| 650 |
_aReligión andina - Ayaviri _912762 |
||
| 650 |
_aReligión andina y cristianismo _912763 |
||
| 650 |
_aIndígenas del Perú - Religión y mitología _912764 |
||
| 650 |
_aReligiosidad popular - Ayaviri - Perú _912765 |
||
| 710 |
_aInstituto de Pastoral Andina _912766 |
||
| 942 |
_2ddc _cLIBROS |
||
| 945 | _alccs | ||